[Event "URU-ch U20"]
[Site "Montevideo"]
[Date "2024.05.19"]
[Round "6"]
[White "Varela, Mateo"]
[Black "Manteiga, Franco"]
[Result "1/2-1/2"]
[WhiteElo "1809"]
[BlackElo "2021"]
[PlyCount "77"]
[EventDate "2024.05.17"]
[EventType "swiss"]
[EventRounds "6"]
[EventCountry "URU"]
[SourceTitle "CB21_2024"]
[SourceDate "2024.05.22"]
[SourceVersion "1"]
[SourceVersionDate "2024.05.22"]
[SourceQuality "1"]

1. e4 c5 2. Nf3 e6 3. d4 cxd4 4. Nxd4 Nc6 5. Nc3 Qc7 6. Be3 a6 7. Qd2 Nf6 8. a3 b5 9. Be2 Bb7 10. Nxc6 Bxc6 11. f3 d5 12. e5 Nd7 13. f4 Nb6 14. b3 Rc8 15. Bd3 Bb7 16. 0-0 Qxc3 17. Qxc3 Rxc3 18. Bxb6 f5 19. b4 Rc6 20. Bd4 Kf7 21. a4 Bxb4 22. axb5 axb5 23. Bxb5 Bc5 24. Bxc5 Rxc5 25. Bd3 Rhc8 26. Rfb1 R5c7 27. Rb4 h6 28. Kf2 g5 29. g3 Bc6 30. Rab1 Ra8 31. Ke3 Ra4 32. Rxa4 Bxa4 33. Ra1 d4+ 34. Kxd4 Bxc2 35. Bxc2 Rxc2 36. Ra7+ Ke8 37. Ra8+ Ke7 38. Ra7+ Ke8 39. Ra8+ 1/2-1/2

[Event "URU-ch U20"]
[Site "Montevideo"]
[Date "2024.05.19"]
[Round "5"]
[White "Varela, Mateo"]
[Black "Tabarez, Vladimir"]
[Result "1-0"]
[WhiteElo "1809"]
[BlackElo "1543"]
[PlyCount "69"]
[EventDate "2024.05.17"]
[EventType "swiss"]
[EventRounds "6"]
[EventCountry "URU"]
[SourceTitle "CB21_2024"]
[SourceDate "2024.05.22"]
[SourceVersion "1"]
[SourceVersionDate "2024.05.22"]
[SourceQuality "1"]

1. e4 c6 2. Nf3 d5 3. Nc3 dxe4 4. Nxe4 Nf6 5. Qe2 Nxe4 6. Qxe4 Qd5 7. Qf4 Qf5 8. Qe3 Qxc2 9. Bd3 Qa4 10. b3 Qa5 11. Bb2 f6 12. 0-0 Bg4 13. Bc3 Qd8 14. Nd4 e5 15. Nf5 Bxf5 16. Bxf5 Nd7 17. d4 Bd6 18. dxe5 Nxe5 19. f4 b6 20. b4 Qe7 21. fxe5 fxe5 22. Bh3 c5 23. Rae1 cxb4 24. Bxe5 Bc5 25. Bd4 Qxe3+ 26. Rxe3+ Kd8 27. Bxc5 bxc5 28. Rf7 c4 29. Rxg7 c3 30. Rd7+ Kc8 31. Rxh7+ Kb8 32. Rxh8+ Kb7 33. Re7+ Kb6 34. Rxa8 c2 35. Rc8 1-0

[Event "URU-ch sf"]
[Site "Montevideo"]
[Date "2024.02.12"]
[Round "6"]
[White "Miller, Ariel"]
[Black "Varela, Mateo"]
[Result "0-1"]
[WhiteElo "1716"]
[BlackElo "1614"]
[PlyCount "76"]
[EventDate "2024.02.09"]
[EventType "swiss"]
[EventRounds "7"]
[EventCountry "URU"]
[SourceTitle "CB08_2024"]
[SourceDate "2024.02.21"]
[SourceVersion "1"]
[SourceVersionDate "2024.02.21"]
[SourceQuality "1"]

1. e4 c5 2. Nf3 Nc6 3. d4 cxd4 4. c3 Nf6 5. e5 Nd5 6. cxd4 d6 7. Bb5 dxe5 8. Bxc6+ bxc6 9. Nxe5 Bb7 10. Qf3 Nf6 11. Nxf7 Kxf7 12. Qb3+ Qd5 13. Qxb7 Qxg2 14. Rf1 Rd8 15. Be3 Rd7 16. Qb3+ e6 17. Nd2 Bd6 18. h4 Rb8 19. Qc2 h6 20. a3 Rdb7 21. Nc4 Bc7 22. b4 Nd5 23. 0-0-0 Qg6 24. Qxg6+ Kxg6 25. Rg1+ Kh7 26. Nd2 a5 27. Ne4 axb4 28. axb4 Rxb4 29. Nc5 Ba5 30. Rdf1 Rc4+ 31. Kd1 e5 32. Ne6 Nxe3+ 33. fxe3 e4 34. Rxg7+ Kh8 35. Rb7 Rxb7 36. Rf8+ Kh7 37. Rf7+ Rxf7 38. Ng5+ hxg5 0-1

[Event "Montevideo Duchamp Cup 7th"]
[Site "Montevideo"]
[Date "2024.02.05"]
[Round "5"]
[White "Varela, Mateo"]
[Black "Llanes, Nicolas"]
[Result "1-0"]
[WhiteElo "1614"]
[BlackElo "1228"]
[PlyCount "66"]
[EventDate "2024.02.01"]
[EventType "swiss"]
[EventRounds "9"]
[EventCountry "URU"]
[SourceTitle "CB07_2024"]
[SourceDate "2024.02.14"]
[SourceVersion "1"]
[SourceVersionDate "2024.02.14"]
[SourceQuality "1"]

1. e4 c6 2. Nc3 d5 3. Nf3 dxe4 4. Nxe4 Nf6 5. Qe2 Nxe4 6. Qxe4 Qd5 7. Qf4 Qf5 8. Qe3 Qe6 9. d4 Qxe3+ 10. Bxe3 g6 11. Bd3 Bg7 12. 0-0 c5 13. c3 cxd4 14. Nxd4 Bd7 15. Rad1 a6 16. Be4 Nc6 17. Rd2 Rc8 18. Rfd1 0-0 19. a3 e5 20. Nb3 Be6 21. Nc5 Na5 22. Nxe6 fxe6 23. Rd7 b5 24. f3 Nc4 25. Bc1 a5 26. Kf2 Rf7 27. Ke2 b4 28. Rxf7 Kxf7 29. cxb4 axb4 30. axb4 Nb6 31. Be3 Rb8 32. Bc5 Na4 33. Rd2 Bf8 1-0